000
00282nam a2200097Ia 4500
082
_a
649.33 WEST
245
0
_a
The breastfeeding mother's guide to making more milk
100
_a
WEST, Diana New York, 2009
_9
70045
942
_c
BK
008
210817s9999 xx 000 0 und d
999
_c
226719
_d
226719